000
00315nam a2200133Ia 4500
003
OSt
005
20240110112842.0
008
170523s9999 xx 000 0 und d
020
_a
9788189866990
040
_c
IIMYU
100
_a
karkare manasi
245
0
_a
nanotechnology fundamental application
942
_2
ddc
_c
02
999
_c
11280
_d
11280